La experiencia de la movilidad urbana integrada : propuesta de diseño urbano en detalle Calle 4 Distrito Hospital

Uloženo v:
Podrobná bibliografie
Hlavní autor: Lao Porras, Alexander Daniel
Další autoři: Chavarría Núñez, Dania, 1975- Directora del TFG
Médium: Kniha
Jazyk:Spanish
Vydáno: [San José, Costa Rica] 2018
Témata:
Tagy: Přidat tag
Žádné tagy, Buďte první, kdo vytvoří štítek k tomuto záznamu!

MARC

LEADER 00000nam a22000007a 4500
003 EA0242
005 20230306133712.0
008 190702b2018 c a|||| |m|| 00| ||spa d
040 |c cru CEDI 
100 |9 17323  |a Lao Porras, Alexander Daniel 
245 |a La experiencia de la movilidad urbana integrada : propuesta de diseño urbano en detalle Calle 4 Distrito Hospital 
260 |a  [San José, Costa Rica]  |c 2018 
500 |a  Proyecto de graduación (licenciatura en arquitectura)--Universidad de Costa Rica. Facultad de Ingeniería. Escuela de Arquitectura 
501 |a Directora de Proyecto de Graduación: Mag. Dania Chavarría Núñez. 
650 |x MOVILIDAD RESIDENCIAL - SAN JOSE (COSTA RICA) - EVALUACION   |x MOVILIDAD RESIDENCIAL - ASPECTOS PSICOLOGICOS - SAN JOSE (COSTA RICA)   |x DISEÑO ARQUITECTONICO - SAN JOSE (COSTA RICA)   |x DISEÑO URBANO - SAN JOSE (COSTA RICA)  |9 17324 
700 |9 118  |a Chavarría Núñez, Dania, 1975-  |d Directora del TFG 
942 |c CEDI  |h TFG EA-242  |6 TFG_EA242 
999 |c 21719  |d 21719